Licensing for conveyancers (Record no. 104745)

MARC details
000 -LEADER
fixed length control field 00947cam a2200253 4500
001 - CONTROL NUMBER
control field ##L131401
008 - FIXED-LENGTH DATA ELEMENTS--GENERAL INFORMATION
fixed length control field 051028n2005 000 0 eng u
020 ## - INTERNATIONAL STANDARD BOOK NUMBER
International Standard Book Number 1853289663
035 ## - SYSTEM CONTROL NUMBER
System control number (Sirsi) u131401
041 0# - LANGUAGE CODE
Language code of text/sound track or separate title eng
050 04 - LIBRARY OF CONGRESS CALL NUMBER
Classification number 346.410438 $2 18
100 1# - MAIN ENTRY--PERSONAL NAME
Personal name Hayden, Tim
245 00 - TITLE STATEMENT
Title Licensing for conveyancers
Remainder of title a practical guide
260 ## - PUBLICATION, DISTRIBUTION, ETC.
Place of publication, distribution, etc. London
Name of publisher, distributor, etc. Law Society
Date of publication, distribution, etc. 2005
300 ## - PHYSICAL DESCRIPTION
Extent xxiii, 311p.
Dimensions 24cm.
350 ## - PRICE (NR) (BK AM CF MU VM SE) [OBSOLETE]
Price 44.95
520 ## - SUMMARY, ETC.
Summary, etc. Provides a basic understanding of the Licensing Act 2003 which introduced an integrated system of licensing to be administered by local authorities rather than the Magistrate's Courts. Includes precedents, guidance on preliminary enquiries, and extracts from the SoS's guidance and the Act itself.
590 ## - LOCAL NOTE (RLIN)
Local note IKA061205
650 24 - SUBJECT ADDED ENTRY--TOPICAL TERM
Topical term or geographic name entry element LICENSING ACT 2003
690 ## - LOCAL SUBJECT ADDED ENTRY--TOPICAL TERM (OCLC, RLIN)
Topical term or geographic name as entry element PROPERTY-PROPERTY ACQUISITION AND DISPOSAL-CONVEYANCING
700 1# - ADDED ENTRY--PERSONAL NAME
Personal name Hanney, Jane
942 ## - ADDED ENTRY ELEMENTS (KOHA)
Suppress in OPAC 0
Holdings
Withdrawn status Lost status Source of classification or shelving scheme Damaged status Not for loan Home library Current library Shelving location Date acquired Cost, normal purchase price Total Checkouts Full call number Barcode Date last seen Copy number Cost, replacement price Price effective from Koha item type
    Dewey Decimal Classification     London London Books 05/12/2005 38.21   346.410438 HAY 30071441 06/08/2019 1 38.21 06/08/2019 Book